000 00548nam a2200133Ia 4500
008 220616s9999||||xx |||||||||||||| ||und||
020 _a9789610000000
245 0 _aManaging Cultural Heritage Sites in Southeastern Europe
546 _aEnglish[eng]
650 _acollective volume||cultural heritage||management||Southeastern Europe||Jugovzhodna Evropa||kulturna dediščina||upravljanje||zborniki
700 _aNared, Janez||Razpotnik Visković, Nika
856 _uhttps://omp.zrc-sazu.si/zalozba/catalog/view/791/3342/254-2
942 _cEB
999 _c20813
_d20813